TV Shows That Began & Ended the Same Years II Quiz Stats

 Plays Quiz Updated Oct 5, 2019

Score 0/20 Timer 06:00
0 Plays Today
% Correct
Charlie’s Angels and The Muppet Show
98.3%
House, M.D.and Desperate Housewives
96.2%
Star Trek: Voyager and Xena: Warrior Princess
95.2%
Friday Night Lights and Hannah Montana
91.4%
Malcolm in the Middle and Yes, Dear
90.7%
Teen Wolf and 2 Broke Girls
87.2%
Downton Abbey and Justified
85.1%
Knight Rider and T.J. Hooker
82.6%
George Lopez and Kim Possible
82.1%
My Name is Earl and Everybody Hates Chris
81.2%
% Correct
Cougar Town and Community
80.1%
True Blood and Sons of Anarchy
74.7%
3rd Rock from the Sun and The Jamie Foxx Show
72.5%
Girls and The Mindy Project
70.1%
Night Court and Who's the Boss?
69.1%
Dinosaurs and Clarissa Explains It All
68.3%
Chuck and Wizards of Waverly Place
66.6%
Boardwalk Empire and Covert Affairs
65.7%
Hercules: The Legendary Journeys and NewsRadio
60.6%
The Vampire Diaries and Regular Show
50.2%

You're not logged in!

Compare scores with friends on all Sporcle quizzes.
OR
Log In

Sporcle TV

Today on Sporcle TV


Watch our educational content, quiz creation guides, and fun videos on Sporcle TV.

Show Comments

Extras

Top Quizzes Today


Score Distribution

Your Account Isn't Verified!

In order to create a playlist on Sporcle, you need to verify the email address you used during registration. Go to your Sporcle Settings to finish the process.

Report this User

Report this user for behavior that violates our Community Guidelines.

Details: